MLB Home Run Leaderboard By Year - Statistics

General Stats
  • This quiz has been taken 61 times
  • The average score is 38 of 60
Answer Stats
Year Rank HR Team Player % Correct
2017 2 52 Yankees Aaron Judge
93%
2010 2 42 Cardinals Albert Pujols
93%
2010 1 54 Blue Jays Jose Bautista
93%
2014 T-4 36 Angels Mike Trout
93%
2011 9 34 Marlins Giancarlo Stanton
91%
2010 T-4 38 Tigers Miguel Cabrera
91%
2019 1 53 Mets Pete Alonso
89%
2014 1 40 Orioles Nelson Cruz
87%
2015 T-3 42 Nationals Bryce Harper
85%
2013 1 53 Orioles Chris Davis
83%
2016 T-3 42 Athletics Khris Davis
83%
2015 T-3 42 Rockies Nolan Arenado
83%
2017 T-6 39 Dodgers Cody Bellinger
80%
2018 T-4 39 Indians Jose Ramirez
80%
2019 6 44 Brewers Christian Yelich
78%
2010 T-10 32 Red Sox David Ortiz
78%
2017 3 45 Tigers/Diamondbacks J.D. Martinez
78%
2013 T-3 36 Diamondbacks Paul Goldschmidt
78%
2019 T-7 41 Braves Ronald Acuna
78%
2014 T-9 32 Tigers Victor Martinez
78%
2012 4 42 Blue Jays Edwin Encarnacion
74%
2011 T-10 33 Brewers Ryan Braun
74%
2014 T-9 32 Cubs Anthony Rizzo
72%
2016 T-9 39 Cubs Kris Bryant
72%
2010 7 34 Rockies Carlos Gonzalez
70%
2010 6 37 Reds Joey Votto
70%
2014 T-4 36 White Sox Jose Abreu
70%
2015 T-5 41 Blue Jays Josh Donaldson
70%
2010 T-10 32 Rangers Josh Hamilton
67%
2018 T-9 37 Orioles/Dodgers Manny Machado
67%
2011 T-10 33 Phillies Ryan Howard
67%
2013 9 33 Orioles Adam Jones
63%
2012 8 36 Rangers Adrian Beltre
63%
2019 T-7 41 Astros Alex Bregman
63%
2019 3 48 Royals Jorge Soler
63%
2010 T-10 32 Brewers Prince Fielder
63%
2019 2 49 Reds Eugenio Suarez
59%
2013 10 32 Rays Evan Longoria
59%
2013 T-6 34 Angels Mark Trumbo
59%
2018 T-9 37 Rockies Trevor Story
59%
2010 T-4 38 Nationals Adam Dunn
57%
2016 T-9 39 Mariners Robinson Cano
57%
2018 T-6 38 Indians Francisco Lindor
54%
2013 T-6 34 Cubs/Yankees Alfonso Soriano
52%
2017 5 41 Rangers Joey Gallo
52%
2010 T-8 33 Yankees Mark Teixeira
52%
2010 3 39 White Sox Paul Konerko
50%
2016 T-3 42 Twins Brian Dozier
43%
2011 2 41 Yankees Curtis Granderson
43%
2011 T-3 39 Dodgers Matt Kemp
43%
2017 T-8 38 Royals Mike Moustakas
43%
2012 10 34 Reds Jay Bruce
37%
2013 T-3 36 Pirates Pedro Alvarez
37%
2014 T-2 37 Astros Chris Carter
33%
2010 T-8 33 Marlins Dan Uggla
28%
2016 8 40 White Sox Todd Frazier
26%
2010 T-10 32 Diamondbacks Mark Reynolds
24%
2017 T-8 38 Blue Jays Justin Smoak
17%
2012 9 35 Twins Josh Willingham
13%
2017 T-8 38 Rays Logan Morrison
7%
No matching quizzes found
Score Distribution
Percent of People with Each Score
Percentile by Number Answered
Your Score History
You have not taken this quiz